000 01214nam a2200313 a 4500
999 _c200454449
_d72661
001 35263
003 TR-AnTOB
005 20250722090346.0
007 ta
008 230816s1999 tu 000 0 tur d
020 _a9757414751
040 _aTR-AnTOB
_beng
_erda
_cTR-AnTOB
041 0 _atur
050 _aPN1992.8.W65
_bB85 1999
090 _aPN1992.8.W65
_bB85 1999 TıpFaK
100 1 0 _aBüker, Seçil
_eauthor
_9143595
245 1 0 _aTelevizyon reklamlarında kadına yönelik şiddet :
_bşiddetin nesnesi kadın /
_cSeçil Büker, Ayşe Eziler Kıran.
264 1 _aİstanbul:
_bAlan Yayıncılık,
_c1999.
300 _a148 pages ;
_c20 cm
336 _atext
_btxt
_2rdacontent
337 _aunmediated
_bn
_2rdamedia
338 _avolume
_bnc
_2rdacarrier
490 _aAlan Yayıncılık:
_v180. Düşünce Dizisi:
_x43.
505 _aİçindekiler: Şiddet üzerine. Şiddet ve kültür ilişkisi. Şiddetin öğeleri. Eyleyenler örnekçesi ve şiddetin konumu. Şiddetin zamanı ve uzamı. Şimdi karşınızda reklamlar. Çüzümlemeler. Sonuç: şiddet engel tanımıyor.
650 7 _aŞiddet
_2
_946294
700 1 0 _aEziler Kıran, Ayşe
_eauthor
_9143599
942 _2lcc
_cBK